<?xml version="1.0" encoding="UTF-8"?>
<collection xmlns="http://www.loc.gov/MARC21/slim">
 <record>
  <leader>01617pamaa2200205   4500</leader>
  <controlfield tag="001">0000045461</controlfield>
  <controlfield tag="005">20090623090000.0</controlfield>
  <controlfield tag="008">090623                             eng  </controlfield>
  <datafield tag="020" ind1="0" ind2="0">
   <subfield code="a">9781416531265 / 1416531262 (pbk.) </subfield>
  </datafield>
  <datafield tag="090" ind1="0" ind2="0">
   <subfield code="a">PN4874.R22 </subfield>
   <subfield code="b">RAD 2005</subfield>
  </datafield>
  <datafield tag="100" ind1="1" ind2="0">
   <subfield code="a">Radziwill </subfield>
  </datafield>
  <datafield tag="245" ind1="1" ind2="0">
   <subfield code="a">What remains : </subfield>
   <subfield code="b">a memoir of fate, friendship, and love  </subfield>
   <subfield code="c">Carole Radziwill.</subfield>
  </datafield>
  <datafield tag="260" ind1="0" ind2="0">
   <subfield code="a">New York ; London: </subfield>
   <subfield code="b">Scribner, </subfield>
   <subfield code="c">2005.</subfield>
  </datafield>
  <datafield tag="300" ind1=" " ind2=" ">
   <subfield code="a">404 p.; </subfield>
   <subfield code="c">18 cm.</subfield>
  </datafield>
  <datafield tag="505" ind1="0" ind2="0">
   <subfield code="a">A memoir about a girl from a working class town who becomes an award-winning television producer and marries a prince, Anthony Radziwill, nephew of John F. Kennedy. Carole DiFalco Radziwill grew up in a suburb with a large, eccentric cast of characters. At the age of nineteen, she struck out for New York. Her career at ABC News led her to the refugee camps of Cambodia, a bunker in Tel Aviv, and the scene of the Menendez murders. Her marriage led her into the old world of European nobility and the newer world of American aristocracy. The book begins with loss and returns to loss: a plane plunges into the ocean, carrying Anthony's cousin John Kennedy and Carolyn Bessette Kennedy, Carole's closest friend. Three weeks later, Anthony dies of cancer. Radziwill explores the complexities of marriage, the importance of friendship, and the challenges of self-invention with unflinching honesty.--From publisher description</subfield>
  </datafield>
  <datafield tag="600" ind1="1" ind2="0">
   <subfield code="a">Kennedy, </subfield>
   <subfield code="h">John F. (John Fitzgerald)</subfield>
  </datafield>
  <datafield tag="600" ind1="1" ind2="0">
   <subfield code="a">Kennedy, </subfield>
   <subfield code="h">Carolyn Bessette</subfield>
  </datafield>
  <datafield tag="600" ind1="1" ind2="0">
   <subfield code="a">Radziwill, </subfield>
   <subfield code="h">Carole</subfield>
  </datafield>
  <datafield tag="650" ind1="0" ind2="0">
   <subfield code="a">Television journalists -- </subfield>
   <subfield code="x">Biography -- </subfield>
   <subfield code="z">United States </subfield>
  </datafield>
  <datafield tag="901" ind1=" " ind2=" ">
   <subfield code="u">http://www.simonsays.com</subfield>
  </datafield>
 </record>
</collection>
